La Guerre industrielle

Guardat en:
Dades bibliogràfiques
Autor principal: Jelen, Christian
Format: Llibre
Idioma:Undetermined
Publicat: Paris Éditions et publications premières 1969
Matèries:
Etiquetes: Afegir etiqueta
Sense etiquetes, Sigues el primer a etiquetar aquest registre!
Thư viện lưu trữ: Trung tâm Học liệu Trường Đại học Cần Thơ
LEADER 00528nam a2200193Ia 4500
001 CTU_87995
008 210402s9999 xx 000 0 und d
082 |a 384.041 
082 |b J48 
100 |a Jelen, Christian 
245 0 |a La Guerre industrielle 
245 0 |c Christian Jelen, Olivier Oudiette 
260 |a Paris 
260 |b Éditions et publications premières 
260 |c 1969 
650 |a Competition 
650 |x Case studies 
904 |i M.Loan 
980 |a Trung tâm Học liệu Trường Đại học Cần Thơ